000 00485nam a2200157 i 4500
001 97271
003 ES-MaACL
005 20230906182054.0
007 t|
008 050708s1978 sp ||||1| spa d
100 1 _aMaravall, José María.
_976330
245 1 0 _aDictadura y disentimiento político
_b: obreros y estudiantes bajo el franquismo /
_cJosé María Maravall.
260 _aMadrid :
_bAlfaguara,
_c1978.
300 _a277 p. ;
_c22 cm.
852 _aES-MaACL
_jA-9727
_bR.98653
999 _c97271
_d97271